Datum a čas kvízu
22
Celkem bodů
Celkový počet nahraných bodů na tomto kvízu bez doplňovacích otázek.
12.
Pořadí na kvízu
Konečné umístění týmu na tomto kvízu.
Zaznamenané odpovědi
| # | Otázka | Odpověď | Body | Výsledky |
|---|---|---|---|---|
| 1. | V minulých dnech bylo v médiíc... | Pavel Tuleja | 0 | |
| 2. | Švýcarský výrobce nožů Victori... | nebude obsahovat nožík/čepel | 0 | |
| 3. | Pod kterým pseudonymem působí... | Nemo | 0 | |
| 4. | Někteří obyvatelé Německa, pře... | kebab | 0 | |
| 5. | Po dvanáctidenní plavbě dovezl... | Marseille | 1 | |
| 6. | Podíváme se do zemí či krajů,... | Muž z Acapulca | 1 | |
| 7. | Ve filmu Tři veteráni ztvárnil... | B | 0 | |
| 8. | Brobdingnag, Laputa, Balnibarb... | Gulliverovy cesty, Jonathan Swift | 0 | |
| 9. | Přiřaďte tyto postavy z knižní... | 1B 2A 3D 4C | 0 | |
| 10. | Děj které humoristické novely... | Rozmarné léto | 0 |